Statistics for Most Profitable Low Budget Movies

Click here to take the quiz!

General Stats

  • This quiz has been taken 59 times
  • The average score is 5 of 10

Answer Stats

HintAnswer% Correct
Boxer Movie + Love StoryRocky
79%
Three student filmmakers get lost in the woodsBlair Witch Project
77%
Haunted house + found footage horrorParanormal Activity
58%
Romero's first (zombie) movieNight of the Living Dead
56%
Australian dystopyMad Max
54%
First slasherHalloween
48%
70's coming of age movie set in the 60'sAmerican Graffiti
29%
EmployeesClerks
27%
French emperor + slacker movieNapoleon Dynamite
21%
Irish musicalOnce
10%

Score Distribution

Percentile by Number Answered

Percent of People with Each Score

Your Score History

You have not taken this quiz